000 00512nam a2200145Ia 4500
008 140724s9999 xx 000 0 und d
050 _aT 58.6
_b.Uy97 2014
100 _aUy, Johann Emmanuel C.
245 _aAutomated grading system for Advance Resources and Creative Solutions School /
_cJohann Emmanuel C. Uy.
260 _aLas PiƱas, Philippines :
_bSouthville International School and Colleges,
_cc2014.
300 _a91 p. :
_c28 cm.
521 _aInformation Technology
942 _cTH
999 _c229318
_d229318